00788nam a2200205Ia 4500003000900000008004100009020002200050040001600072080002400088100002900112245012000141250001200261260003200273300002300305650004400328650004400372942000700416999001700423952014200440IN-BaIIA211028s9999 xx 000 0 eng d a978-81-309-0237-1 cIIA Library a(031)629.78:52bANG aAngelo, Joseph A.933452 0aViva-facts on file encyclopedia of space and astronomycJoseph A. Angelo  a1st ed. aNew DelhibViva Booksc2010 a[various pagings.] aEncyclopedia-Space and astronomy933453 aSpace and astronomy-Encyclopedia933454 cBK c17660d17660 00104070aBANbBANcGENd2010-03-19eANJ g4504.50l0o(031)629.78:52/ ANGp18582r2021-11-05v4504.50w2010-03-19yBKGRs. 4504.50